- Díaz-Couder Cabral, Ernesto
Entry Nombre Personal
001 - NUMERO DE CONTROL
- campo de control: 43234
003 - IDENTIFICADOR DE NUMERO DE CONTROL
- campo de control: DLC
005 - FECHA Y HORA DE LA ÜLTIMA TRANSACCIÓN
- campo de control: 20260226090218.0
008 - DATOS DE LONGITUD FIJA
- campo de control de longitud fija: 220329n| azannaabn |a aaa c
010 ## - NÚMERO DE CONTROL DE LA BIBLIOTECA DEL CONGRESO
- Número de control LC: no2012029954
024 ## - OTROS IDENTIFICADORES NORMALIZADOS
- Número normalizado o código: Q138447069
- Fuente: wikidata
- URI: https://www.wikidata.org/wiki/Q138447069
035 ## - NUMERO DE CONTROL
- Número de control: (OCoLC)oca09130117
040 ## - FUENTE DE CATALOGACIÓN
- Agencia original de catalogación: ICU
- Lenguaje de catalogación: spa
- Agencia de transcripción: ICU
- Description conventions: rda
- Agencia que lo modifica: MX-MxUPN
100 1# - ENCABEZAMIENTO - NOMBRE PERSONAL
- Nombre personal: Díaz-Couder Cabral, Ernesto
371 ## - DIRECCIÓN
- Electronic mail address: ediaz@upn.mx
372 ## - CAMPO DE ACTIVIDAD
- Field of activity: Diversidad cultural
373 ## - GRUPO ASOCIADO
- Associated group: Universidad Pedagógica Nacional (México)
- Fuente del término: naf
374 ## - OCUPACIÓN
- Occupation: Profesor universitario
- Occupation: Investigador
377 ## - LENGUA ASOCIADA
- Language code: spa
400 1# - VEÁSE - NOMBRE DE PERSONA
- Personal name: Couder Cabral, Ernesto Díaz-
400 1# - VEÁSE - NOMBRE DE PERSONA
- Personal name: Cabral, Ernesto Díaz-Couder
400 1# - VEÁSE - NOMBRE DE PERSONA
- Personal name: Díaz Couder, Ernesto
400 1# - VEÁSE - NOMBRE DE PERSONA
- Personal name: Couder, Ernesto Díaz
670 ## - FUENTE EN LA QUE SE LOCALIZARON DATOS
- Cita de la fuente: La investigación en el posgrado de la Universidad Pedagógica Nacional, 2010:
- Información localizada: portada (Ernesto Díaz-Couder Cabral)
670 ## - FUENTE EN LA QUE SE LOCALIZARON DATOS
- Cita de la fuente: Diversidad, ciudadanía y educación, 2015:
- Información localizada: portada (Ernesto Díaz Couder)
670 ## - FUENTE EN LA QUE SE LOCALIZARON DATOS
- Cita de la fuente: Sitio web UPN, 23 febrero 2026:
- Información localizada: (Ernesto Díaz-Couder Cabral; profesor de tiempo completo en la Universidad Pedagógica Nacional; maestría en Antropología Lingüística por la Universidad de California. Berkeley, E.U.A.; línea de investigación: diversidad cultural; e-mail: ediaz@upn.mx)
902 ## - CATALOGADOR
- Catalogador: Víctor Ruiz/230226
